书目信息 |
| 题名: |
金融英语函电写作
|
|
| 作者: | 周丽娟 编 | |
| 分册: | ||
| 出版信息: | 北京 外语教学与研究出版社 1999.01 |
|
| 页数: | 247页 | |
| 开本: | 32开 | |
| 丛书名: | ||
| 单 册: | ||
| 中图分类: | H315 | |
| 科图分类: | ||
| 主题词: | 英语 | |
| 电子资源: | ||
| ISBN: | 7-5600-1331-7 | |
| 000 | 00557nam0 2200193 45 | |
| 001 | 0010281784 | |
| 005 | 20001028173100.3 | |
| 010 | @a7-5600-1331-7@d9.00。9 | |
| 100 | @a20001028d1999 km y0chiy0120 ea | |
| 101 | 0 | @achi |
| 105 | @a z 000yy | |
| 200 | 1 | @a金融英语函电写作@AJin Rong Ying Yu Han Dian Xie Zuo@f周丽娟等编@FZhou Li Juan Deng Bian |
| 210 | @a北京@c外语教学与研究出版社@d1999.01 | |
| 215 | @a247页@d32开 | |
| 606 | 0 | @a英语 |
| 690 | @aH315@v3 | |
| 701 | 0 | @a周丽娟@4编 |
| 801 | @aCN@bPftUser@c20001028 | |
| 905 | @b195082-084@dH315@eZH349@f3 | |
| 金融英语函电写作/周丽娟等编.-北京:外语教学与研究出版社,1999.01 |
| 247页;32开 |
| ISBN 7-5600-1331-7:9.00。9 |
| ● |
| 相关链接 |
|
|
|
正题名:金融英语函电写作
索取号:H315/ZH349
 
预约/预借
| 序号 | 登录号 | 条形码 | 馆藏地/架位号 | 状态 | 备注 |
| 1 | 195082 | 201950825 | 语言库209/209语言库 8排1列4层/ [索取号:H315/ZH349] | 在馆 | |
| 2 | 195083 | 201950834 | 语言库209/209语言库 8排1列4层/ [索取号:H315/ZH349] | 在馆 | |
| 3 | 195084 | 201950843 | 语言库209/209语言库 8排1列4层/ [索取号:H315/ZH349] | 在馆 |